000 00851nam a2200265Ia 4500
003 OSt
005 20220926004954.0
006 a|||||r|||| 00| 0
007 ta
008 220923b |||||||| |||| 00| 0 eng d
020 _a8170365457
_c1802.21
037 _bRBC-15072, 30/04/2009, RESEARCHCO BOOK CENTRE
_cGeneral Book
040 _aRTL
_cRTL
_beng
041 _2eng
_aeng
082 _aU671:8, N6
100 _aSingh Katar
_9262996
245 0 _aCooperative management of natural resources
260 _a New Delhi
_bSage Publication
_c1996
300 _a271p.
_ccm.
500 _aBibliography: P 263-67
650 _aGeography
700 _a Ballabh Vishwa Ed.
_9309578
942 _hU671:8, N6
_cGB
_2CC
999 _c612723
_d612723